| 000 | 00564nam a22001577a 4500 | ||
|---|---|---|---|
| 005 | 20241028153648.0 | ||
| 008 | 241028b |||||||| |||| 00| 0 eng d | ||
| 020 | _a9788180610745 | ||
| 050 |
_aRC86 _b.8 MOG |
||
| 100 | _aMogli, GD | ||
| 245 |
_aParamedics 6-in-1 Handbook _b:Anatomy. Physiology. Medical Terms and Records.Medical Abbreviations. Allied Health Sciences and Diagnostics. Medical Transcribing Techniques |
||
| 260 |
_aNew Delhi _bJaypee Brothers Medical Publishers _cc2003 |
||
| 300 |
_avi, 416p.: _b:ill |
||
| 500 | _aIncudes Index | ||
| 942 |
_2lcc _cBK _n0 |
||
| 999 |
_c295 _d295 |
||